| 000 | 00000nam 2200000za 4500 |
| 001 | 9.848870 |
| 003 | CaOODSP |
| 005 | 20221107153800 |
| 007 | cr ||||||||||| |
| 008 | 171214s2017 oncb ob f000 0 fre d |
| 040 | |aCaOODSP|bfre |
| 043 | |an-cn--- |
| 086 | 1 |aXC49-1/1-421-7F-PDF |
| 110 | 1 |aCanada. |bParlement. |bChambre des communes. |bComité permanent des ressources naturelles. |
| 245 | 10|aInterconnexions électriques stratégiques |h[ressource électronique] / |cle président, James Maloney. |
| 260 | |a[Ottawa] : |bChambre des communes, Canada, |c2017. |
| 300 | |avii, 36 p. : |bcartes en coul. |
| 490 | 1 |aRapport du Comité permanent des ressources naturelles ; |v7e rapport, 42e législature, 1re session |
| 500 | |aPubl. aussi en anglais sous le titre : Strategic electricity interties. |
| 500 | |a« Décembre 2017. » |
| 500 | |aComprend une réponse du gouvernement. |
| 500 | |aDate originale de publication : 2017/12/13. Republié : 2017/12/22. |
| 504 | |aComprend des réferences bibliographiques. |
| 520 | |a« Dans le contexte de ces changements, le Comité a invité un large éventail d’experts du gouvernement de l’industrie, du milieu universitaire et de la société civile à venir s’exprimer devant lui sur les interconnexions électriques stratégiques. Il présente ses conclusions ci-dessous, sous quatre thèmes : 1) les interconnexions de transport de l’électricité au Canada; 2) les possibilités de renforcement des interconnexions au Canada; 3) l’amélioration de la coopération régionale; 4) les recommandations au gouvernement du Canada » -- Introd., p. 9. |
| 692 | 07|2gccst|aÉlectricité |
| 692 | 07|2gccst|aInfrastructure |
| 692 | 07|2gccst|aPolitique gouvernementale |
| 700 | 1 |aMaloney, James Victor. |
| 775 | 08|tStrategic electricity interties |w(CaOODSP)9.848865 |
| 830 | #0|aRapport du Comité permanent des ressources naturelles ;|v7e rapport, 42e législature, 1re session.|w(CaOODSP)9.503407 |
| 856 | 40|qPDF|s3.75 Mo|uhttps://publications.gc.ca/collections/collection_2017/parl/xc49-1/XC49-1-1-421-7-fra.pdf|z(rapport) |
| 856 | 4 |qPDF|s3.80 Mo|uhttps://publications.gc.ca/collections/collection_2017/parl/xc49-1/XC49-1-1-421-7-1-fra.pdf|z(réponse du gouvernement) |